[Event "WEM-KT 2018"]
[Site "Illertissen"]
[Date "2018.08.26"]
[Round "2"]
[White "Bossinger, Patrick"]
[Black "Jooss, Achim"]
[Result "1-0"]
[WhiteElo "2039"]
[BlackElo "1749"]
[Annotator "NA"]
[PlyCount "33"]
[EventDate "2018.08.25"]
[EventType "tourn"]
[EventCountry "GER"]
[SourceTitle "playchess.com"]
[Source "ChessBase"]
[SourceQuality "1"]
[TimeControl "40/6000+30:3000+30"]

1. e4 {[%emt 0:16:52]} e6 {[%emt 0:09:37]} 2. d4 {[%emt 0:01:01]} d5 {[%emt 0:00:05]} 3. Nd2 {[%emt 0:00:43]} dxe4 {[%emt 0:00:46]} 4. Nxe4 {[%emt 0:00:00]} Nc6 {[%emt 0:00:11]} 5. Nf3 {[%emt 0:00:04]} Be7 {[%emt 0:03:03]} 6. Bd3 {[%emt 0:01:54]} f5 {[%emt 0:00:41]} 7. Ng3 {[%emt 0:01:01]} Nf6 {[%emt 0:00:14]} 8. O-O {[%emt 0:00:37]} O-O {[%emt 0:05:25]} 9. c3 {[%emt 0:00:36]} Bd6 {[%emt 0:04:58]} 10. Re1 {[%emt 0:02:50]} Nd5 {[%emt 0:03:35]} 11. Ng5 {[%emt 0:11:14]} e5 {[%emt 0:09:03]} 12. Bc4 {[%emt 0:10:20]} Be7 {[%emt 0:03:40]} 13. dxe5 {[%emt 0:04:38]} Bxg5 {[%emt 0:00:17]} 14. Qxd5+ {[%emt 0:00:20]} Kh8 {[%emt 0:01:50]} 15. f4 {[%emt 0:04:26]} Bh4 {[%emt 0:02:23]} 16. Be3 {[%emt 0:02:43]} Qe7 {[%emt 0:01:43]} 17. Bc5 {[%emt 0:03:51]} 1-0

[Event "WEM-KT 2018"]
[Site "Illertissen"]
[Date "2018.08.26"]
[Round "2"]
[White "Hermann, Tobias"]
[Black "Schelberg, Martin"]
[Result "1-0"]
[WhiteElo "2002"]
[BlackElo "1727"]
[Annotator "NA"]
[PlyCount "101"]
[EventDate "2018.08.25"]
[EventType "tourn"]
[EventCountry "GER"]
[SourceTitle "playchess.com"]
[Source "ChessBase"]
[SourceQuality "1"]
[TimeControl "40/6000+30:3000+30"]

1. e4 {[%emt 0:09:34]} g6 {[%emt 0:09:49]} 2. d4 {[%emt 0:00:08]} d6 {[%emt 0:00:29]} 3. c4 {[%emt 0:00:22]} Bg7 {[%emt 0:00:16]} 4. Nc3 {[%emt 0:00:13]} Nf6 {[%emt 0:00:43]} 5. Nf3 {[%emt 0:01:48]} O-O {[%emt 0:01:43]} 6. Be2 {[%emt 0:00:44]} Nbd7 {[%emt 0:00:23]} 7. O-O {[%emt 0:00:19]} e5 {[%emt 0:01:27]} 8. dxe5 $11 {[%emt 0:02:25]} dxe5 {[%emt 0:02:21]} 9. Qc2 {[%emt 0:01:58]} c6 {[%emt 0:04:16]} 10. h3 {[%emt 0:02:08]} Qc7 {[%emt 0:05:01]} 11. Be3 {[%emt 0:00:52]} Nh5 {[%emt 0:08:52]} 12. Rfd1 {[%emt 0:03:29]} Nf4 {[%emt 0:04:57]} 13. Bf1 {[%emt 0:00:26]} Ne6 {[%emt 0:03:14]} 14. Nd2 {[%emt 0:08:50]} Nd4 {[%emt 0:08:53]} 15. Qb1 {[%emt 0:05:13]} Nc5 {[%emt 0:14:47]} 16. b4 {[%emt 0:03:55]} Nce6 {[%emt 0:02:25]} 17. Nb3 {[%emt 0:00:12]} Rd8 {[%emt 0:02:12]} 18. Qb2 {[%emt 0:04:24]} Qe7 {[%emt 0:04:09]} 19. c5 {[%emt 0:01:25]} Qh4 {[%emt 0:08:00]} 20. f3 {[%emt 0:29:39]} Nf4 {[%emt 0:14:15]} 21. Bf2 {[%emt 0:05:40]} Qg5 {[%emt 0:03:21]} 22. Kh1 {[%emt 0:01:57]} Qh5 {[%emt 0:02:07]} 23. Ne2 {[%emt 0:19:25]} Nxh3 {[%emt 0:01:42]} 24. gxh3 {[%emt 0:02:46]} Bxh3 {[%emt 0:01:45]} 25. Ng3 {[%emt 0:00:36]} Qxf3+ {[%emt 0:00:35]} 26. Kg1 {[%emt 0:01:40]} Qg4 {[%emt 0:02:21]} 27. Bxh3 {[%emt 0:01:37]} Qxh3 {[%emt 0:00:10]} 28. Nxd4 {[%emt 0:00:55]} exd4 {[%emt 0:00:10]} 29. Rd3 {[%emt 0:00:03]} Be5 {[%emt 0:00:59]} 30. Qe2 {[%emt 0:00:58]} h5 {[%emt 0:00:26]} 31. Nf1 {[%emt 0:00:31]} Qe6 {[%emt 0:00:40]} 32. Rad1 {[%emt 0:00:19]} Qf6 {[%emt 0:00:57]} 33. Qf3 {[%emt 0:00:20]} Qg5+ {[%emt 0:00:19]} 34. Qg2 {[%emt 0:00:16]} Qf6 {[%emt 0:00:50]} 35. Bg3 {[%emt 0:00:25]} Qe6 {[%emt 0:01:15]} 36. Qh2 {[%emt 0:00:49]} Qg4 {[%emt 0:01:07]} 37. Qg2 {[%emt 0:00:01]} Qe6 {[%emt 0:00:36]} 38. Qh2 {[%emt 0:00:10]} Qg4 {[%emt 0:00:12]} 39. Qh4 {[%emt 0:00:02]} Qe6 {[%emt 0:00:46]} 40. Qg5 {[%emt 0:00:41]} Bf6 {[%emt 0:00:55]} 41. Qd2 {[%emt 0:52:29]} Qc4 {[%emt 0:20:35]} 42. e5 {[%emt 0:00:00]} Bg7 {[%emt 0:01:15]} 43. Ne3 {[%emt 0:00:00]} Qe6 {[%emt 0:01:17]} 44. Rxd4 {[%emt 0:00:00]} Rxd4 {[%emt 0:00:42]} 45. Qxd4 {[%emt 0:00:00]} Qxa2 {[%emt 0:00:59]} 46. Qc4 {[%emt 0:00:00]} Qa3 {[%emt 0:05:05]} 47. Rd3 {[%emt 0:00:00]} Qa1+ {[%emt 0:00:29]} 48. Rd1 {[%emt 0:00:00]} Qa3 {[%emt 0:00:17]} 49. Nf1 {[%emt 0:00:00]} Qf3 {[%emt 0:13:09]} 50. Rd3 {[%emt 0:00:00]} Qe2 {[%emt 0:00:28]} 51. Rd8+ {[%emt 0:00:00]} 1-0

[Event "WEM-KT 2018"]
[Site "Illertissen"]
[Date "2018.08.26"]
[Round "2"]
[White "Seidler, Ottmar"]
[Black "Klaiss, Thomas"]
[Result "0-1"]
[WhiteElo "1706"]
[BlackElo "2021"]
[Annotator "NA"]
[PlyCount "40"]
[EventDate "2018.08.25"]
[EventType "tourn"]
[EventCountry "GER"]
[SourceTitle "playchess.com"]
[Source "ChessBase"]
[SourceQuality "1"]
[TimeControl "40/6000+30:3000+30"]

1. d4 {[%emt 0:09:56]} Nf6 {[%emt 0:09:49]} 2. c4 {[%emt 0:00:13]} e6 {[%emt 0:00:08]} 3. Nf3 {[%emt 0:01:03]} b6 {[%emt 0:00:59]} 4. Nc3 {[%emt 0:02:22]} Bb7 {[%emt 0:00:14]} 5. e3 {[%emt 0:00:25]} Bb4 {[%emt 0:01:44]} 6. Bd2 {[%emt 0:02:29]} O-O {[%emt 0:01:24]} 7. Bd3 {[%emt 0:04:13]} d5 {[%emt 0:03:55]} 8. Qc2 {[%emt 0:02:09]} c5 {[%emt 0:02:03]} 9. dxc5 {[%emt 0:16:39]} dxc4 {[%emt 0:08:36]} 10. Bxc4 {[%emt 0:01:27]} Bxc5 {[%emt 0:00:47]} 11. Rd1 {[%emt 0:08:15]} Nbd7 {[%emt 0:05:08]} 12. a3 {[%emt 0:06:13]} Rc8 {[%emt 0:02:03]} 13. Bd3 {[%emt 0:05:40]} Bd6 {[%emt 0:18:40]} 14. b4 {[%emt 0:05:41]} Ne5 {[%emt 0:06:44]} 15. Nxe5 {[%emt 0:03:07]} Bxe5 {[%emt 0:00:08]} 16. f4 {[%emt 0:08:48]} Bxc3 {[%emt 0:05:42]} 17. Bxc3 {[%emt 0:01:33]} Nd5 {[%emt 0:01:50]} 18. Bxh7+ {[%emt 0:07:45]} Kh8 {[%emt 0:00:39]} 19. O-O {[%emt 0:07:14]} Rxc3 {[%emt 0:14:08]} 20. Rxd5 {[%emt 0:11:58]} Qxd5 {[%emt 0:00:16]} 0-1

[Event "WEM-KT 2018"]
[Site "Illertissen"]
[Date "2018.08.27"]
[Round "3"]
[White "Anistratov, Dmitriy"]
[Black "Hermann, Tobias"]
[Result "1-0"]
[WhiteElo "2279"]
[BlackElo "2002"]
[Annotator "TA"]
[PlyCount "87"]
[EventDate "2018.08.25"]
[EventType "tourn"]
[EventCountry "GER"]
[SourceTitle "playchess.com"]
[Source "ChessBase"]
[SourceQuality "1"]

{[%evp 13,87,8,8,-13,14,-11,17,0,15,22,22,16,53,-7,25,-35,-25,-27,0,-45,12,0,47,57,56,57,77,83,111,125,147,136,199,99,140,99,162,70,82,108,274,180,220,222,228,206,352,331,324,326,385,378,409,400,385,384,510,516,671,647,789,762,881,867,1486,1406,1801,1643,2239,2199,1743,2160,29986,29987,29987,29988]} 1. Nf3 Nf6 2. g3 b6 3. Bg2 Bb7 4. O-O g6 5. d3 Bg7 6. e4 d6 7. Nc3 O-O {LiveBook: 10 Games. A05: Réti Opening: 1 Nf3 Nf6} 8. Bd2 (8. a4 a6 9. Ng5 e5 10. f4 Nc6 11. f5 Ne7 12. g4 d5 13. Qe2 {1-0 (39) Sjugirov,S (2650)-Bortnyk,O (2610) Riadh 2017}) 8... Nbd7 9. Qc1 Re8 $146 {The position is equal.} ({Predecessor:} 9... a6 10. a4 e6 11. Bh6 Rc8 12. Re1 e5 13. d4 Ng4 14. Bxg7 Kxg7 15. h3 {1-0 (24) Valenti,R (2120)-Komons,C (1851) Issy les Moulineaux 2012}) 10. Bh6 Bh8 11. h3 e5 12. Nh2 Nc5 13. Be3 (13. f4 $14) 13... Ne6 14. Ng4 (14. f4 $11) 14... Nxg4 $15 15. hxg4 Rf8 16. Bh3 g5 (16... c6 $15) 17. Bg2 f6 18. a4 a5 19. Nd5 h6 20. Qd1 (20. Bd2 {is interesting.} Qd7 21. Ne3 Rf7 22. Re1 Rh7 23. Qd1) 20... Bxd5 21. exd5 Nc5 22. c3 Qe7 {[#]} (22... Qe8 $16 {was called for.} 23. d4 exd4 24. Bxd4 (24. cxd4 Na6 $16) 24... Bg7 25. Bxc5 bxc5) 23. d4 (23. b4 $1 $18 {has better winning chances.}) 23... Nd7 24. Qd3 Rae8 (24... f5 $16) 25. Qc4 ({White should play} 25. Qf5 $18) 25... Rc8 26. Rae1 Rf7 $2 {[#]} (26... Qh7 $16 {might work better.}) 27. Bd2 Nf8 28. Be4 Re8 29. Bf5 Rg7 (29... Qd8 $142 30. b4 Qa8) 30. Kg2 Rf7 31. Qc6 Rd8 32. b4 axb4 33. cxb4 Qe8 34. a5 Qxc6 35. dxc6 bxa5 36. bxa5 Ra8 37. d5 Bg7 38. Ra1 Kh8 39. a6 {[%cal Ba5a6,Ba6a7][%mdl 32]} Nh7 40. Rfb1 Bf8 41. Rb7 Kg7 42. a7 Re7 43. Rb8 Re8 44. Rxe8 {Precision: White = 42%, Black = 12%.} 1-0

[Event "WEM-KT 2018"]
[Site "Illertissen"]
[Date "2018.08.27"]
[Round "3"]
[White "Laengl, Juergen"]
[Black "Gabriel, Josef"]
[Result "1-0"]
[WhiteElo "2223"]
[BlackElo "2124"]
[Annotator "TA"]
[PlyCount "69"]
[EventDate "2018.08.25"]
[EventType "tourn"]
[EventCountry "GER"]
[SourceTitle "playchess.com"]
[Source "ChessBase"]
[SourceQuality "1"]

{[%evp 13,69,43,76,75,81,81,90,80,75,81,85,82,94,96,104,93,104,94,104,104,104,101,101,106,129,106,139,123,133,120,146,89,89,89,89,89,409,385,1131,1088,1143,1124,1680,1611,1781,1705,29990,29991,29992,29985,29990,29986,29991,29991,29993,29992,29993,29994]} 1. d4 g6 2. e4 Bg7 3. f4 c6 4. Nf3 d5 5. e5 h5 6. c3 Nh6 {B06: Moderne Verteidigung} 7. Be3 (7. Bd3 Bf5 8. Be2 Be4 9. Nbd2 Nf5 10. Nxe4 dxe4 11. Ng5 e3 12. Qb3 O-O 13. Qxb7 Nd7 14. Qxc6 {1-0 (39) Sochacki,C (2479)-Ternault,M (2361) Bastia 2017}) 7... Bg4 {LiveBook: 7 Partien} 8. h3 Bxf3 $146 {Weiß steht besser.} ({Vorgänger:} 8... Nf5 9. Bf2 Bxf3 10. Qxf3 h4 11. Bd3 e6 12. O-O Nd7 13. Nd2 Bf8 14. b4 {1-0 (44) Welz,P (2174)-Burger,H (2087) Berlin 2007}) 9. Qxf3 h4 10. Nd2 e6 11. Bd3 Bf8 12. Bf2 Be7 13. b4 Nd7 14. Nb3 Nf5 15. a4 Rb8 16. O-O Kf8 17. a5 b6 18. axb6 axb6 19. Ra7 b5 20. Rfa1 Nb6 21. Nc5 Bxc5 22. dxc5 ({Günstiger ist} 22. bxc5 Nc4 23. R1a6) 22... Nc8 $16 23. R7a6 Qd7 24. Qe2 {Schwarz muss nun Lxf5 beachten.} Kg7 $2 {[%mdl 8192]} (24... Nce7 $16) 25. Bxf5 $1 $18 exf5 $2 {[#]} (25... gxf5 26. Qe1 Kf8 27. Bxh4 Rh7) 26. e6 $1 {[%mdl 512]} Qc7 (26... Qxe6 27. Bd4+) 27. exf7 Kxf7 28. Re1 Qd7 29. Qe5 Ne7 30. Bd4 {Weiß setzt Matt.} Rhf8 31. Qg7+ Ke8 {[#]} 32. Rxc6 $1 {[%mdl 512]} Rb7 (32... Qxc6 33. Qxe7#) 33. Rd6 Qc8 34. Qxg6+ Rf7 35. Rf6 {Precision: Weiß = 85%, Schwarz = 26%.} 1-0

[Event "WEM-KT 2018"]
[Site "Illertissen"]
[Date "2018.08.27"]
[Round "3"]
[White "Engelhart, Achim"]
[Black "Bossinger, Patrick"]
[Result "1/2-1/2"]
[WhiteElo "2126"]
[BlackElo "2039"]
[Annotator "NA"]
[PlyCount "184"]
[EventDate "2018.08.25"]
[EventType "tourn"]
[EventCountry "GER"]
[SourceTitle "playchess.com"]
[Source "ChessBase"]
[SourceQuality "1"]
[TimeControl "40/6000+30:3000+30"]

1. e4 {[%emt 0:09:31]} c6 {[%emt 0:09:48]} 2. d4 {[%emt 0:00:09]} d5 {[%emt 0:00:07]} 3. Nd2 {[%emt 0:00:04]} dxe4 {[%emt 0:00:08]} 4. Nxe4 {[%emt 0:00:03]} Bf5 {[%emt 0:00:10]} 5. Ng3 {[%emt 0:00:04]} Bg6 $1 {[%emt 0:00:09]} 6. N1e2 {[%emt 0:00:56]} e6 {[%emt 0:03:17]} 7. Nf4 {[%emt 0:00:46]} Qc7 {[%emt 0:00:58] LiveBook: 108 Games} 8. c3 {[%emt 0:11:22] B18: Classical Caro-Kann: 4...Bf5 sidelines} (8. h4 Bd6 9. Nxg6 hxg6 10. Ne4 Bf4 11. Bxf4 Qxf4 {½-½ (11) Delchev,A (2558)-Jobava,B (2669) Gallipoli 2018}) 8... Bd6 {[%emt 0:04:54]} 9. Qf3 {[%emt 0:02:29]} Nd7 {[%emt 0:06:02]} 10. Nxg6 {[%emt 0:13:51]} hxg6 {[%emt 0:00:27]} 11. Ne4 {[%emt 0:00:09]} Ngf6 {[%emt 0:10:27]} 12. Nxd6+ {[%emt 0:00:56]} Qxd6 {[%emt 0:00:10]} 13. Bf4 {[%emt 0:03:31]} Qe7 {[%emt 0:00:55]} 14. O-O-O {[%emt 0:03:01]} Nd5 {[%emt 0:09:06]} 15. Bg3 $146 {[%emt 0:03:40]} ({Predecessor:} 15. Bd2 b5 16. Bd3 {1-0 (51) Wacker,P (2323)-Bekedam,T (2073) Groningen 2017}) 15... b5 {[%emt 0:08:40]} 16. Bd3 {[%emt 0:04:12]} N7b6 {[%emt 0:05:29]} 17. Kb1 {[%emt 0:07:50]} Na4 {[%emt 0:03:51]} 18. Rd2 {[%emt 0:06:37]} Kd7 {[%emt 0:08:19]} 19. Ka1 {[%emt 0:00:41]} a6 {[%emt 0:03:42]} 20. Rc1 {[%emt 0:02:59]} Rhc8 {[%emt 0:01:27]} 21. h3 {[%emt 0:05:02]} c5 {[%emt 0:05:54]} 22. dxc5 {[%emt 0:04:19]} Rxc5 {[%emt 0:03:17]} 23. Be4 {[%emt 0:03:06]} Nab6 {[%emt 0:00:43]} 24. Rcd1 {[%emt 0:00:53]} Ke8 {[%emt 0:03:08]} 25. Bf4 {[%emt 0:05:54]} Rd8 {[%emt 0:04:16]} 26. Be3 {[%emt 0:02:08]} Rcc8 {[%emt 0:00:09]} 27. Bxb6 {[%emt 0:06:25]} Nxb6 {[%emt 0:00:02]} 28. Bb7 {[%emt 0:00:57]} Nc4 {[%emt 0:04:41]} 29. Rxd8+ {[%emt 0:08:15]} Rxd8 {[%emt 0:00:11]} 30. Qc6+ {[%emt 0:00:10]} Kf8 {[%emt 0:00:47]} 31. Rxd8+ {[%emt 0:00:24]} Qxd8 {[%emt 0:00:02]} 32. Qc8 {[%emt 0:00:05]} Qxc8 {[%emt 0:03:31]} 33. Bxc8 {[%emt 0:00:01]} a5 {[%emt 0:00:33]} 34. Bd7 {[%emt 0:02:32]} Nd6 {[%emt 0:01:59]} 35. a4 {[%emt 0:00:23]} bxa4 {[%emt 0:01:32]} 36. Bxa4 {[%emt 0:00:26]} Ke7 {[%emt 0:02:02]} 37. Ka2 {[%emt 0:01:57]} f5 {[%emt 0:02:05]} 38. Bc6 {[%emt 0:01:10]} Kd8 {[%emt 0:01:28]} 39. Kb3 {[%emt 0:00:49]} Kc7 {[%emt 0:00:33]} 40. Bf3 {[%emt 0:00:19]} Kb6 {[%emt 0:03:57]} 41. h4 {[%emt 0:22:48]} f4 {[%emt 0:24:05]} 42. Kc2 {[%emt 0:04:45]} Kc5 {[%emt 0:04:59]} 43. Kd3 {[%emt 0:00:25]} e5 $1 {[%emt 0:01:17]} 44. b3 {[%emt 0:01:08]} Kb5 {[%emt 0:06:00]} 45. Be4 {[%emt 0:01:30]} Kc5 {[%emt 0:04:49]} 46. Bxg6 {[%emt 0:01:46]} Kd5 {[%emt 0:01:13]} 47. f3 {[%emt 0:01:40]} Kc5 {[%emt 0:01:13]} 48. Bh7 {[%emt 0:03:54]} Kb5 {[%emt 0:01:57]} 49. Be4 {[%emt 0:02:12]} Ne8 {[%emt 0:01:34]} 50. Kc2 {[%emt 0:00:33]} Nf6 {[%emt 0:01:01]} 51. Kb2 {[%emt 0:05:07]} Nd7 {[%emt 0:02:55]} 52. Ka3 {[%emt 0:00:31]} Nc5 $2 {[%emt 0:00:15]} (52... Nb6 $16 53. Kb2 Kc5) 53. b4 {[%emt 0:03:20]} axb4+ {[%emt 0:00:08]} 54. cxb4 {[%emt 0:00:01]} Nd7 {[%emt 0:01:30]} 55. Kb3 {[%emt 0:00:30]} Nb6 {[%emt 0:00:33]} 56. Bd3+ {[%emt 0:00:14]} Kc6 {[%emt 0:00:12]} 57. Bc4 {[%emt 0:00:40]} Kd6 {[%emt 0:00:23]} 58. Kc3 {[%emt 0:00:38]} Na4+ {[%emt 0:00:11]} 59. Kc2 {[%emt 0:00:59]} Nb6 {[%emt 0:00:10]} 60. Kd3 {[%emt 0:00:17]} Kc6 {[%emt 0:02:19]} 61. Ba6 {[%emt 0:02:39]} Nd5 {[%emt 0:01:38]} 62. b5+ {[%emt 0:00:22]} Kd6 {[%emt 0:00:19]} 63. Ke4 {[%emt 0:01:21]} g6 {[%emt 0:01:39]} 64. Kd3 {[%emt 0:02:22]} Nb4+ {[%emt 0:00:41]} 65. Ke2 {[%emt 0:00:40]} Nd5 {[%emt 0:01:28]} 66. Kf2 {[%emt 0:00:09]} Ke6 {[%emt 0:00:29]} 67. g4 {[%emt 0:01:37]} fxg3+ {[%emt 0:00:24]} 68. Kxg3 {[%emt 0:00:01]} Kf6 {[%emt 0:00:42]} 69. Bb7 {[%emt 0:01:02]} Nb6 {[%emt 0:00:25]} 70. Be4 {[%emt 0:00:47]} Kg7 {[%emt 0:00:12]} 71. Kg4 {[%emt 0:00:09]} Kf6 {[%emt 0:00:09]} 72. Bc6 {[%emt 0:00:46]} Nc4 {[%emt 0:00:14]} 73. Kg3 {[%emt 0:01:11]} Kf5 {[%emt 0:00:58]} 74. Be4+ {[%emt 0:01:07]} Kf6 {[%emt 0:00:01]} 75. Kh3 {[%emt 0:00:28]} Nb6 {[%emt 0:00:18]} 76. Kg4 {[%emt 0:00:32]} Nc4 {[%emt 0:00:06]} 77. h5 {[%emt 0:00:58]} gxh5+ {[%emt 0:00:29]} 78. Kxh5 {[%emt 0:00:01]} Ke6 {[%emt 0:01:00]} 79. Kg6 {[%emt 0:00:07]} Nb6 {[%emt 0:00:25]} (79... Kd6 $11) 80. Bc2 $11 {[%emt 0:00:40]} Na8 {[%emt 0:01:51]} 81. Bb3+ {[%emt 0:00:24]} Ke7 {[%emt 0:00:03]} 82. Kf5 {[%emt 0:00:22]} Kd6 {[%emt 0:00:05]} 83. Bc2 {[%emt 0:00:41]} Nb6 {[%emt 0:00:13]} 84. Be4 {[%emt 0:00:19]} Nc4 {[%emt 0:00:17]} 85. Kf6 {[%emt 0:00:26]} Nb6 {[%emt 0:01:19]} 86. Bc6 {[%emt 0:00:27]} Nc4 {[%emt 0:00:52]} 87. Kf7 {[%emt 0:00:09]} Kc7 {[%emt 0:00:35]} 88. Ke6 {[%emt 0:00:24]} Kb6 {[%emt 0:00:10]} 89. Kd5 {[%emt 0:00:18]} Nd2 {[%emt 0:00:15]} 90. Kxe5 {[%emt 0:01:35]} Nxf3+ {[%emt 0:00:07]} 91. Bxf3 {[%emt 0:00:03]} Kxb5 {[%emt 0:00:06]} 92. Ke4 {[%emt 0:00:24]} Kb6 {[%emt 0:00:08]} 1/2-1/2

[Event "WEM-KT 2018"]
[Site "Illertissen"]
[Date "2018.08.27"]
[Round "3"]
[White "Jakob, Georg"]
[Black "Maisch, Julian"]
[Result "1-0"]
[WhiteElo "2084"]
[BlackElo "2216"]
[Annotator "TA"]
[PlyCount "117"]
[EventDate "2018.08.25"]
[EventType "tourn"]
[EventCountry "GER"]
[SourceTitle "playchess.com"]
[Source "ChessBase"]
[SourceQuality "1"]

{[%evp 11,117,33,29,-2,5,1,-3,-93,-96,-89,22,5,47,29,123,116,191,203,310,311,408,389,791,774,827,824,778,810,864,856,890,881,972,895,947,1027,972,956,1141,1149,1341,1216,1087,832,950,943,1153,1154,1154,1147,1127,1112,1177,1180,1111,1084,1108,1104,1091,1077,1007,1047,1027,952,970,972,970,931,1228,1170,3018,2906,29980,29981,29980,2152,1591,1006,874,0,1423,950,1279,1165,1981,1942,1656,1525,29973,29971,29967,29969,29955,29960,6512,2262,6508,5644,29987,29988,29991,29992,29992,29992,29992,29993,29994,29985]} 1. e4 g6 2. d4 Bg7 3. Nc3 a6 4. Be3 b5 5. f4 (5. Nf3 Bb7 6. Bd3 d6 7. e5 Nd7 8. e6 fxe6 9. Ng5 Nf8 10. O-O Nf6 11. Re1 h6 12. Nf3 g5 13. Bd2 Qd7 14. h3 Kf7 {0-1 (46) Moiseenko,A (2667)-Petrosian,T (2601) Riadh 2017}) 5... Bb7 6. a3 {B06: Modern Defence} d6 {LiveBook: 13 Games} 7. Qd2 Nf6 8. e5 $146 {The position is equal.} ({Predecessor:} 8. Bd3 Ng4 9. Nf3 Nxe3 10. Qxe3 Nd7 11. Nd1 e5 12. c3 Qe7 13. fxe5 dxe5 {0-1 (28) Matkovic,J (2018)-Bicskei,M (1865) Subotica 2012}) 8... Ng4 9. O-O-O (9. Nf3 $11 {remains equal.}) 9... dxe5 $17 ({Don't play} 9... Nxe3 $6 10. Qxe3 Nd7 11. Nf3 $11) 10. fxe5 {[#]} Nxe3 (10... c5 $1 $17 {[%mdl 512] Threatens to win with ...cxd4.} 11. d5 (11. dxc5 Qxd2+) 11... Bxe5) 11. Qxe3 $11 O-O 12. Nf3 Nc6 (12... Nd7 $11 {keeps the balance.}) 13. d5 $36 {[%mdl 2048] White has strong initiative.} Na7 {[#]} (13... Na5 $16) 14. h4 $1 $18 h5 {[#]} (14... e6 {might work better.}) 15. g4 $1 {[%cal Rg4h5]} b4 16. axb4 Nb5 $2 (16... a5 17. bxa5 hxg4) 17. gxh5 Nxc3 18. bxc3 {[%cal Bb2c3,Bc3c4][%mdl 32]} a5 19. b5 Bxd5 20. c4 Bxf3 21. Rxd8 Bxh1 22. Rxf8+ Rxf8 23. h6 {[%cal Bh5h6,Bh6h7][%mdl 32]} Bh8 24. Qc5 a4 25. Qxe7 a3 {[#]} 26. h7+ $1 Kg7 (26... Kxh7 27. Qxf8) 27. Qxa3 Ra8 28. Qh3 Bb7 29. Bg2 Bc8 30. Qf3 Ra1+ 31. Kb2 Re1 32. Qf6+ Kxh7 33. Qxf7+ Bg7 34. h5 Bf5 35. hxg6+ Bxg6 36. Qxc7 Kh6 37. Kb3 Bxe5 38. Qc6 Kg5 39. Qd5 Rb1+ 40. Ka3 Kf6 41. Qd8+ Ke6 42. Bh3+ Kf7 43. Qd7+ (43. Qd5+ $142 Kf6 44. Qe6+ Kg5 45. Qxe5+ Kh4 46. Ka2 Bxc2 47. Bd7 Rf1 48. Qh2+ Kg5 49. Qg2+ Kf4 50. Qxf1+ Ke5 51. Qe2+ Be4 52. Qe3) 43... Kf8 44. Qc8+ Kg7 45. Qd7+ Kf8 $1 46. Bf5 Be8 47. Qe6 Re1 48. Qh6+ Bg7 49. Qd6+ Re7 50. Be6 Bf6 51. b6 Kg7 52. Qg3+ Kh6 53. Qh2+ Kg7 {[#]} 54. b7 $1 Rxe6 (54... Rxb7 55. Qg2+) 55. b8=Q {White mates.} Kf8 56. Qh6+ Kf7 57. Qh7+ Kf8 58. Qf5 Kf7 59. Qxe6+ {Precision: White = 73%, Black = 24%.} 1-0

[Event "WEM-KT 2018"]
[Site "Illertissen"]
[Date "2018.08.27"]
[Round "3"]
[White "Bildt, Maximilian"]
[Black "Gustain, Marc"]
[Result "1/2-1/2"]
[WhiteElo "2073"]
[BlackElo "2102"]
[Annotator "NA"]
[PlyCount "51"]
[EventDate "2018.08.25"]
[EventType "tourn"]
[EventCountry "GER"]
[SourceTitle "playchess.com"]
[Source "ChessBase"]
[SourceQuality "1"]
[TimeControl "40/6000+30:3000+30"]

1. e4 {[%emt 0:09:33]} d5 {[%emt 0:09:34]} 2. exd5 {[%emt 0:00:09]} Qxd5 {[%emt 0:00:06]} 3. Nc3 {[%emt 0:00:13]} Qd8 {[%emt 0:00:11]} 4. d4 {[%emt 0:00:42]} Nf6 {[%emt 0:00:11]} 5. Bc4 {[%emt 0:02:31]} a6 {[%emt 0:00:30] B01: Skandinavische Verteidigung} 6. a4 {[%emt 0:06:01]} (6. Bg5 h6 7. Bxf6 exf6 8. Nf3 Bb4 9. O-O Bxc3 10. bxc3 O-O 11. Re1 Nc6 12. Nh4 Na5 13. Bd3 {1-0 (21) Nakamura,H (2789)-Shaw,J (2454) Baku 2016}) 6... Nc6 {[%emt 0:02:16] LiveBook: 10 Games} 7. Nge2 {[%emt 0:07:03]} Bf5 {[%emt 0:05:44]} 8. O-O {[%emt 0:03:48]} Nb4 {[%emt 0:03:37]} 9. Bb3 {[%emt 0:03:20]} e6 {[%emt 0:01:56]} 10. Ng3 {[%emt 0:06:26]} Bg6 {[%emt 0:02:33]} 11. f4 $146 {[%emt 0:01:49]} ({Vorgänger:} 11. Nce2 c5 12. c3 Nd3 13. a5 {1-0 (55) Hevia Alejano,C (2534)-Bartholomew,J (2451) Brownsville 2016}) 11... Qd7 {[%emt 0:20:27]} 12. Na2 {[%emt 0:17:32]} Nc6 {[%emt 0:15:23]} 13. c3 {[%emt 0:05:32]} Bd6 {[%emt 0:02:24]} 14. Qf3 {[%emt 0:08:51]} O-O {[%emt 0:02:51]} 15. f5 {[%emt 0:03:12]} exf5 {[%emt 0:04:51]} 16. Nxf5 {[%emt 0:06:34]} Bxf5 {[%emt 0:00:18]} 17. Qxf5 {[%emt 0:00:04]} Qxf5 {[%emt 0:00:07]} 18. Rxf5 $11 {[%emt 0:00:04]} Rae8 {[%emt 0:01:01]} 19. Bf4 {[%emt 0:02:10]} Bxf4 {[%emt 0:06:10]} 20. Rxf4 {[%emt 0:00:05]} Na5 {[%emt 0:02:37]} 21. Bc2 {[%emt 0:02:16]} Nc4 {[%emt 0:01:31]} 22. h3 {[%emt 0:04:42]} Nd5 {[%emt 0:03:51]} 23. Rf2 {[%emt 0:00:37]} Re7 {[%emt 0:03:10]} 24. Bb3 {[%emt 0:01:25]} b5 {[%emt 0:02:17]} 25. Raf1 {[%emt 0:05:34]} f6 {[%emt 0:08:53]} 26. Nc1 {[%emt 0:00:47]} 1/2-1/2